Can we survive our future? : A symposium
Đã lưu trong:
| Hovedforfatter: | |
|---|---|
| Format: | Bog |
| Sprog: | Undetermined |
| Udgivet: |
London
The Bodley Head
1972
|
| Fag: | |
| Tags: |
Tilføj Tag
Ingen Tags, Vær først til at tagge denne postø!
|
| Thư viện lưu trữ: | Trung tâm Học liệu Trường Đại học Cần Thơ |
|---|
| LEADER | 00505nam a2200193Ia 4500 | ||
|---|---|---|---|
| 001 | CTU_84389 | ||
| 008 | 210402s9999 xx 000 0 und d | ||
| 082 | |a 300 | ||
| 082 | |b U72 | ||
| 100 | |a Urban, G. R. | ||
| 245 | 0 | |a Can we survive our future? : | |
| 245 | 2 | |b A symposium | |
| 245 | 0 | |c G. R. Urban | |
| 260 | |a London | ||
| 260 | |b The Bodley Head | ||
| 260 | |c 1972 | ||
| 650 | |a Technology and civilization | ||
| 904 | |i QHieu(sửa) | ||
| 980 | |a Trung tâm Học liệu Trường Đại học Cần Thơ | ||